000 00532cam a22001934a 4500
001 13883589
003 OSt
005 20140719213004.0
008 050218s2004 ag b 000 0 spa
020 _a950-679-355-7
040 _cBMC
082 _a346.0166
245 0 0 _aAlimentos a los hijos y derechos humanos
_c[Cecilia P.] Grosman ... [et al.]
260 _aBuenos Aires
_bUniversidad
_c2004
300 _a429 p.
_c23 cm
650 2 4 _aObligación alimentaria
_916676
700 1 _915747
_aGrosman, Cecilia P.
942 _2ddc
_cBK
999 _c8845
_d8845